|
|
|
|
| LEADER |
00000nam a2200000 a 4500 |
| 001 |
vtls001198720 |
| 003 |
SK-MaSNL |
| 005 |
20260301145928.0 |
| 008 |
250414s1986 xo 0 slo |
| 035 |
|
|
|a SNK000141789
|
| 040 |
|
|
|a SNK
|b slo
|c SNK
|e AACR2
|
| 041 |
0 |
|
|a slo
|
| 044 |
|
|
|a xo
|c SK
|
| 080 |
|
|
|a 885.4-1:929(084.12)
|2 1981
|
| 080 |
|
|
|a 929(084.12)
|2 1981
|
| 080 |
|
|
|a 929 Šándor, Elo
|2 1981
|
| 245 |
0 |
0 |
|a Elo Šándor 1896-1952 ; Ľudmila Sládečková
|
| 250 |
|
|
|a 1. vyd.
|
| 260 |
|
|
|a Martin
|b s.n.
|c 1986
|e Martin
|f Tlačiarne SNP
|
| 300 |
|
|
|a 35 s.
|c 21x15 cm.
|
| 366 |
|
|
|e 4 000 výtl.
|
| 490 |
0 |
|
|a -Fotosúbory-
|
| 500 |
|
|
|a 15 s. textu a 20 čiernobielych fot. v prebale.
|
| 500 |
|
|
|a Úvod a scenár Ľudmila Sládečková.
|
| 650 |
0 |
7 |
|a [BIO]
|2 SNK
|9 283264
|
| 655 |
|
7 |
|a fotosúbory
|2 SNK
|9 76380
|
| 700 |
1 |
|
|a Sládečková, Ľudmila
|4 oth
|9 46839
|
| 852 |
|
|
|a Slovenská národná knižnica
|
| 958 |
|
|
|a OND
|
| 958 |
|
|
|a TL
|
| 999 |
|
|
|c 781839
|d 783769
|
| 952 |
|
|
|t P60, <04>, [BOOK], {604}
|a SNK
|b SNK
|y VYP
|7 0
|p 17A0297580
|o snkOSC 10844 D1
|0 0
|1 0
|4 0
|d 2001-04-17
|l 0
|r 2005-01-01 00:00:00
|w 2026-02-24
|